000 nam a22 7a 4500
999 _c7747
_d7747
008 171005b xxu||||| |||| 00| 0 eng d
100 _94229
_aSingh.L.etal.
245 _aPhysics-X
260 _aNew Delhi
_bS. Chand
_c2009